| 000 -LEADER |
| fixed length control field |
01881cam a2200373 a 4500 |
| 001 - CONTROL NUMBER |
| control field |
16900121 |
| 003 - CONTROL NUMBER IDENTIFIER |
| control field |
NUST |
| 005 - DATE AND TIME OF LATEST TRANSACTION |
| control field |
20221117124047.0 |
| 008 - FIXED-LENGTH DATA ELEMENTS--GENERAL INFORMATION |
| fixed length control field |
110802s2011 enk b 001 0deng |
| 010 ## - LIBRARY OF CONGRESS CONTROL NUMBER |
| LC control number |
2011431894 |
| 020 ## - INTERNATIONAL STANDARD BOOK NUMBER |
| International Standard Book Number |
978-0-19-906477-9(hbk.) |
| 020 ## - INTERNATIONAL STANDARD BOOK NUMBER |
| International Standard Book Number |
9781849040495 (pbk.) |
| 040 ## - CATALOGING SOURCE |
| Original cataloging agency |
DLC |
| Transcribing agency |
DLC |
| Modifying agency |
DLC |
| 042 ## - AUTHENTICATION CODE |
| Authentication code |
pcc |
| 043 ## - GEOGRAPHIC AREA CODE |
| Geographic area code |
a-bg--- |
| 050 00 - LIBRARY OF CONGRESS CALL NUMBER |
| Classification number |
DS395.7.A2 |
| Item number |
B67 2011b |
| 082 00 - DEWEY DECIMAL CLASSIFICATION NUMBER |
| Classification number |
954.92051, BOS |
| Edition number |
23 |
| 100 1# - MAIN ENTRY--PERSONAL NAME |
| Personal name |
Bose, Sarmila. |
| 9 (RLIN) |
51292 |
| 245 10 - TITLE STATEMENT |
| Title |
Dead reckoning : |
| Remainder of title |
memories of the 1971 Bangladesh War / |
| Statement of responsibility, etc. |
Sarmila Bose. |
| 260 ## - PUBLICATION, DISTRIBUTION, ETC. |
| Place of publication, distribution, etc. |
Pakistan |
| Name of publisher, distributor, etc. |
Union Enterprises Pub |
| Date of publication, distribution, etc. |
2011. |
| 300 ## - PHYSICAL DESCRIPTION |
| Extent |
x, 239 p. ; |
| Dimensions |
23 cm. |
| 505 0# - FORMATTED CONTENTS NOTE |
| Formatted contents note |
Introduction: Memories in conflict (Page-1), Call to arms : Bengali nationalist rebellion (Page-17),Military inaction : power without responsibility (Page-29),Military action : "Operation Searchlight" in Dhaka (Page-47),Uncivil war : mobs, mutinies, and madness (Page-71),Village of widows : "securing" the countryside (Page-97),Hounding of Hindus : the politics of minority persecution (Page-115),Hit and run : sabotage and retribution (Page-127),Fratricide : death squads at war's end (Page-149),Words and numbers : memories and monstrous fables (Page-161). |
| 650 #0 - SUBJECT ADDED ENTRY--TOPICAL TERM |
| Topical term or geographic name entry element |
Collective memory |
| Geographic subdivision |
Bangladesh. |
| 9 (RLIN) |
51293 |
| 650 #0 - SUBJECT ADDED ENTRY--TOPICAL TERM |
| Topical term or geographic name entry element |
Interviews |
| Geographic subdivision |
Bangladesh. |
| 9 (RLIN) |
51294 |
| 650 #0 - SUBJECT ADDED ENTRY--TOPICAL TERM |
| Topical term or geographic name entry element |
War victims |
| Geographic subdivision |
Bangladesh |
| Form subdivision |
Interviews. |
| 9 (RLIN) |
102844 |
| 650 #0 - SUBJECT ADDED ENTRY--TOPICAL TERM |
| Topical term or geographic name entry element |
Interviews |
| Geographic subdivision |
Bangladesh. |
| 9 (RLIN) |
51294 |
| 650 #0 - SUBJECT ADDED ENTRY--TOPICAL TERM |
| Topical term or geographic name entry element |
Bangladesh |
| Form subdivision |
Biography. |
| 9 (RLIN) |
102845 |
| 650 #0 - SUBJECT ADDED ENTRY--TOPICAL TERM |
| Topical term or geographic name entry element |
War and society |
| Geographic subdivision |
Bangladesh |
| General subdivision |
History |
| Chronological subdivision |
20th century. |
| 9 (RLIN) |
102846 |
| 651 #0 - SUBJECT ADDED ENTRY--GEOGRAPHIC NAME |
| Geographic name |
Bangladesh |
| General subdivision |
History |
| Chronological subdivision |
Revolution, 1971 |
| Form subdivision |
Personal narratives. |
| 9 (RLIN) |
102847 |
| 651 #0 - SUBJECT ADDED ENTRY--GEOGRAPHIC NAME |
| Geographic name |
Bangladesh |
| General subdivision |
History |
| Chronological subdivision |
Revolution, 1971 |
| General subdivision |
Social aspects. |
| 9 (RLIN) |
102848 |
| 906 ## - LOCAL DATA ELEMENT F, LDF (RLIN) |
| a |
7 |
| b |
cbc |
| c |
origcop |
| d |
2 |
| e |
ncip |
| f |
20 |
| g |
y-gencatlg |
| 942 ## - ADDED ENTRY ELEMENTS (KOHA) |
| Source of classification or shelving scheme |
|
| Koha item type |
Book |